[Event "EU-ch (Women) 8th"]
[Site "Dresden"]
[Date "2007.04.15"]
[Round "11"]
[White "Lomineishvili, Maia"]
[Black "Kosintseva, Tatiana"]
[Result "0-1"]
[WhiteElo "2399"]
[BlackElo "2474"]
[Annotator "Kosintseva,N+T"]
[PlyCount "140"]
[EventDate "2007.04.03"]
[EventType "swiss"]
[EventRounds "11"]
[EventCountry "GER"]
[SourceTitle "CBM 117 Extra"]
[Source "ChessBase"]
[SourceDate "2007.05.09"]
[SourceVersion "1"]
[SourceVersionDate "2007.05.09"]
[SourceQuality "1"]

{Quite an unusual situation arose before the final round. For me the result of
the game did not matter, since I had managed to "gain" the champion's title
with one round to go. But at the same time the result of this game determined
the distribution of places 2-3, for which my sister Nadezhda was fighting .
Thus it was decided that I would play the game like any normal one, and we
will see what happens...} 1. d4 Nf6 2. c4 e6 3. Nf3 d5 4. Nc3 {Such an opening
choice came as a surprise for me. According to the database this position has
occurred in Lomineshvilli's practice quite rarely. I had considered the
Nimzovitsch Defence to be her main weapon during my preparation.} Bb4 5. cxd5
exd5 6. Bg5 Nbd7 {I guess that this continuation came as a surprise already
for Maia since previously my sister and I had only played 6...0-0.} 7. e3 c5 8.
Bd3 Qa5 9. Qc2 c4 10. Bf5 O-O 11. O-O Re8 12. Nd2 g6 13. Bxd7 Nxd7 {One of the
main lines of the Westphalia variation has arisen. It seemed to me that my
opponent was not ready for the particular line, since she spent a lot of time
thinking. That is why I was satisfied with the result of the opening.} 14. a3 (
{Other continuations are:} 14. Rae1) (14. f3) (14. h4) 14... Bxc3 15. Qxc3 {
The queen swap does not pose any problems for Black and gives me a comfortable
game. More principled was: 15.bxc3.} Qxc3 16. bxc3 Nb6 17. f3 $2 {She did not
have to let the knight come to the a4 square. Now the c3 pawn becomes her
"Achilles heel".} (17. a4 a5 (17... Bd7 18. a5 Na4 19. Ra3 b5 20. axb6 axb6 21.
e4 dxe4 22. Nxc4 b5 23. Ne3 $13) 18. Rfb1 Ra6 19. Bf4 (19. f3 Bd7 20. e4 Nxa4
21. exd5 Nxc3 22. Rxb7 Bc8 23. Rb8 Nxd5 24. Nxc4 a4 25. Kf2 Bd7 26. Rxe8+ Bxe8
27. Ne3 Bc6 28. Nxd5 Bxd5 $15 {Bauer-Zhang Zhong, 2004}) 19... Bd7 20. Ra3 Bc6
21. Rba1 Nxa4 22. Rxa4 Bxa4 23. Rxa4 b5 24. Ra1 $13) 17... Na4 18. Rac1 f6 19.
Bxf6 $2 {As future home analysis showed, the idea of sacrificing the c-pawn
for piece activity was not sufficient, and had to lose the game; a fact that
neither I, nor my opponent was able to realise during the game.} (19. Bh6 b5 $5
(19... Bd7 20. e4 Bc6 21. Rfe1 Kf7 22. h4 Re6 {Tregubov-Bagirov, 2001}) 20. e4
Bb7 21. Rfe1 Kf7 (21... g5 $5) 22. h4 Re6 $15) 19... Rxe3 20. Rfe1 {Proceeding
with the wrong plan, but retreating with 20.Nb1 is to no one's taste either.} (
20. Nb1 Bf5 21. Bg5 (21. Kf2 Re6 22. Be5 Rb6 23. Nd2 Rb2 24. Ke3 Ra2 25. Ra1
Rxa1 26. Rxa1 Nxc3 $17) 21... Re2 22. Rf2 Re6 $17) 20... Rxe1+ 21. Rxe1 Kf7 $2
{Calculating briefly the consequences of the pawn gain, it seemed to me that
the activity of the white pieces is more than enough. However, it appeared
that White can do nothing against the straightforward pawn advance, e.g.:} (
21... Nxc3 $1 22. Re7 b5 $1 23. Rg7+ (23. f4 a5 24. Nf3 Ne4 25. Be5 b4) 23...
Kf8 24. Rxh7 a5 $1 25. f4 (25. Rc7 b4 26. axb4 a4 $19) (25. Be5 b4 26. axb4 a4
$19) 25... b4 26. Nf3 Ne4 27. Be5 bxa3 28. Nh4 Ra6 29. Rh8+ Ke7 30. Rh7+ Ke8
31. Rh8+ Kd7 32. Rh7+ Kc6 33. Rc7+ Kb5 34. Rxc8 a2 $19) 22. Bg5 Be6 ({With the
bishop on g5, Nxc3 does not provide the same assets as one move earlier:} 22...
Nxc3 23. Re7+ Kf8 24. Rxh7 (24. f4 $2 h6 25. Bf6 a5 26. Nf3 Ra6) 24... Ne2+ (
24... Nb5 25. Bh6+ Kg8 (25... Ke8 26. Nf1) 26. Rg7+ Kh8 27. Nf1 Nxd4 28. Ne3
$13) 25. Kf2 Nxd4 26. Bf6 Ne6 27. f4 $1 Nxf4 28. Nf3 {and despite the two-pawn
deficit, White seizes the initiative.}) 23. Re3 Re8 $15 {Black's play is easy
and clear. It is connected with the advance of the pawns on the queen'side.
While at the same time, White strives to find defensive resources...} ({
Premature is:} 23... b5 $2 {due to} 24. f4 {/\ Nd2-f3-e5}) 24. g4 ({Deserving
attention was:} 24. Nf1 {transferring the knight to a more active position.}
Nb2 (24... b5 25. Ng3 a5 26. Ne2 Bf5 27. Rxe8 Kxe8 28. Bd2) (24... Bf5 25. Rxe8
Kxe8 26. Bd2) (24... Rc8 25. Ng3 Rc6 26. Ne2 Nb2 27. Nf4 Nd1 28. Nxe6 Rxe6 29.
Rxe6 Kxe6 30. Bd2) 25. Re1 Nd3 26. Rb1 b6 27. Ne3 $15) 24... b5 25. Bf4 $6 {
It looks as if White did not sense the danger coming from the queenside.} ({
Still} 25. Nf1 {was more careful.} Nb2 (25... a5 26. Ng3 b4 27. cxb4 axb4 28.
axb4 Rb8 29. Ne2 Rxb4 30. Nf4) 26. Re1 Nd3 27. Rb1 Bd7 28. Ne3 Bc6 29. Nc2 a5
30. Kf1 $15) 25... a5 (25... Nb2 26. Re2 Nd3 27. Bc7 g5 $15) 26. Bc7 $6 {
A useless move, which chases the rook to a better position.} (26. Bd6 $6 Rd8
27. Bc7 Ra8 {led to the same position as in the game.}) ({It was not too late
for} 26. Nf1 {, but with less effect than one or two moves ago:} Nb2 (26... Ra8
27. Ng3 Nb2 28. Ne2 Nd3 29. Bd6 Ra6 30. Bc5 $15) 27. Re2 Nd3 28. Bd6 Rd8 (28...
h5 $5 29. h3 Rd8 30. Bc7 Ra8) 29. Bc7 Ra8 30. Ra2 (30. Ne3 b4 31. cxb4 axb4 32.
axb4 Nxb4 33. f4 c3 $17) 30... Ke7 31. Ne3 Kd7 32. Bg3 Kc6) 26... Ra8 27. h3 $2
{Too slow. White absolutely missed seeing the danger.} (27. Nb1 b4 $1 28. axb4
axb4 29. cxb4 Rc8 30. Bf4 c3 31. Na3 c2 32. Re1 Nb2 33. Ra1 (33. Bc1 Nd3 34.
Rf1 Rc3 35. Nb5 Rb3 $19) 33... Nd3 34. Bc1 Ra8 $17) ({The last time when White
could play} 27. Nf1 {transposing after:} Nb2 (27... b4 28. cxb4 axb4 29. axb4
c3 30. Re1 Rc8 31. Bd6 Rc4 32. b5 Rxd4 33. b6 Nxb6 34. Bc5) 28. Re2 Nd3 29. Ra2
{to the lines given above.}) 27... Nb2 28. f4 (28. Re2 Nd3 $1 (28... Nd1 29.
Nb1 b4 30. Rd2 Nxc3 31. Nxc3 bxc3 32. Rc2 $15) (28... b4 29. cxb4 axb4 30. axb4
Ra1+ 31. Nf1 Rb1 32. b5 Na4) 29. f4 b4 30. Nf3 (30. axb4 axb4 31. cxb4 Ra2 $19)
30... b3 $1 31. Ne5+ (31. Ng5+ Ke7 32. f5 b2 $19) (31. f5 gxf5 32. Ng5+ Kf6 33.
Nxe6 Nc1 $19) 31... Ke7 32. Nxd3 cxd3 33. Rb2 Kd7 34. Be5 Rc8 35. f5 (35. Rxb3
d2 $19) (35. Kf2 Rxc3 36. Ke3 d2+ 37. Kxd2 Rxh3 $19) 35... gxf5 36. Rxb3 d2 37.
Rb1 Rxc3 38. Bf4 Rd3 39. Rd1 fxg4 40. Rxd2 Rxa3 41. hxg4 Bxg4 $19) 28... Nd1 {
Things have cleared up. White's position is lost, since the planned 29.Rf3
runs into the b4 breakthrough.} 29. Re1 (29. Rf3 b4 $1 30. cxb4 (30. axb4 a4) (
30. f5 bxc3) 30... axb4 31. axb4 c3 32. Nb3 (32. f5 cxd2 33. fxe6+ Kxe6 34. Rd3
Ra2 35. Bf4 Ne3 $19) 32... Ra3 33. Nc1 Ra1 34. f5 (34. Ne2 c2 $19) 34... Rxc1
35. fxe6+ Kxe6 $19) 29... Nxc3 30. Nf3 Ne4 31. Ng5+ (31. Ne5+ Ke8 (31... Ke7 $2
32. Bxa5) 32. Rb1 Bd7 $19) 31... Nxg5 32. fxg5 b4 $19 33. Kf2 Ke7 (33... b3 34.
Ke3 Ke7 (34... c3 35. Kd3) 35. Kd2 c3+ $19) 34. Ke3 Kd7 (34... b3 $1 $19) 35.
Be5 {Black is completely winning, and to be honest I relaxed and started to
play not very sensible moves and made the position drawish. As a justification,
I might refer to the tiredness, which had built up until this last round.} Ra7
$6 (35... b3 $1 36. Kd2 Rf8 37. Bf6 h6 38. h4 Rf7 39. Rh1 Bxg4 $19) 36. Kd2 Rb7
37. Ra1 Kc6 38. Kc2 (38. axb4 axb4 39. Ra6+ Kd7) 38... Kb5 $6 (38... b3+ $1 39.
Kb2 Rf7 40. Bf6 h6 41. Re1 Kd7 42. Re2 hxg5 43. Bxg5 Rf3 44. Bd2 Rxh3 45. Bxa5
Bxg4 $19) 39. axb4 axb4 40. Ra8 {I made life difficult for myself, and at the
same time got into slight time trouble. As a result my last move to reach the
time control is a mistake:} Kc6 $2 (40... Bd7 $1 41. Bd6 Bc6 42. Rf8 Rd7 43.
Bc5 Ka5 44. Rb8 Bb7 45. Rf8 Ba6 46. Rb8 Rb7 $19) 41. Kb2 Kb5 $2 {I understood
the uselessness of my last move, admitted my mistake and went back with the
king, but missed her strong reply:} (41... Bd7 42. Bf6 (42. Ra5 Kb6 $1 43. Rxd5
c3+ 44. Kb1 Bc6 45. Rd6 Kb5 46. d5 Bd7 $19) 42... b3 $1 (42... Kd6 43. Be5+ Ke7
44. Rb8 $1 $11) 43. Ra1 Kb5 44. Kc3 Rb8 45. Ra7 Bc6 46. Be7 Re8 $19) 42. Bf6 $1
{Precisely, but not the conventional move repetition after 42.Kc2} Bd7 43. Bd8
Be8 44. Ra5+ (44. Bf6 Bc6 45. Bd8 Rb6 $1 $19) 44... Kc6 45. Ra6+ Kd7 46. Bf6 $2
{Missing the draw:} ({The bishop transfer to the a3-f8 diagonal with the
constant threat of an exchange of rooks would be enough to defend.} 46. Bb6 $1
Rb8 47. Bc5 b3 48. Ba3) 46... b3 47. Ra1 Kc7 $2 {The lack of time leads to
mutual mistakes.} (47... Kc6) 48. Be5+ Kb6 49. Ra8 Re7 (49... Bc6 50. Rb8 $11)
50. Rb8+ Ka7 51. Rc8 Bd7 52. Rd8 $2 {Again White passes by an easy draw:} ({
The simple} 52. Rc5 $1 {would force the rook exchange.} Be6 (52... Rf7 53. Bf6
Be6 54. Rc6 Bd7 55. Rd6) 53. Rc7+ Rxc7 54. Bxc7 $11) 52... Bc6 53. Rc8 Kb7 54.
Rb8+ Ka7 55. Rc8 Bb7 56. Rc7 $2 {The decisive mistake, which gives Black the
chance to activate the rook.} (56. Rf8 Kb6 (56... Re6 $2 57. Bb8+ Kb6 58. Rf6
$11) 57. Kc3 Bc6 58. Rb8+ Ka6 59. Rf8 $17) 56... Re6 57. Rxh7 Ra6 58. Rc7 Ra2+
59. Kb1 Kb6 60. Rc5 Bc6 $19 {and Black realized her advantage without problems.
} 61. h4 Bd7 62. Bc7+ Kb7 63. Ba5 Bxg4 64. Rxd5 Be2 65. Bc3 Bd3+ 66. Kc1 Rc2+
67. Kd1 Rxc3 68. Rb5+ Kc6 69. Rb8 Rc2 70. h5 gxh5 0-1

[Event "Olympiad Women-40"]
[Site "Istanbul"]
[Date "2012.09.07"]
[Round "10.1"]
[White "Danielian, Elina"]
[Black "Kosintseva, Tatiana"]
[Result "0-1"]
[WhiteElo "2476"]
[BlackElo "2530"]
[Annotator "Kosintseva,T"]
[PlyCount "84"]
[EventDate "2012.08.28"]
[EventType "team-swiss"]
[EventRounds "11"]
[EventCountry "TUR"]
[SourceTitle "CBM 151"]
[Source "ChessBase"]
[SourceDate "2012.11.13"]
[SourceVersion "1"]
[SourceVersionDate "2012.11.13"]
[SourceQuality "1"]
[WhiteTeam "Armenia (W)"]
[BlackTeam "Russia (W)"]
[WhiteTeamCountry "ARM"]
[BlackTeamCountry "RUS"]

1. d4 Nf6 2. c4 e6 3. Nf3 d5 4. Nc3 Bb4 5. cxd5 exd5 6. Bg5 h6 7. Bh4 c5 8. e3
c4 9. Be2 {White has chosen the most principled system against the Ragozin,
where both sides need concrete knowledge and practice.} g5 10. Bg3 Ne4 11. Rc1
Qa5 12. Ne5 Nc6 13. O-O {This was to be expected! Elina follows a game from
the recent Russian Superfinal, V.Gunina-N.Kosintseva, in which there followed..
.} Nxg3 ({...} 13... Bxc3 14. bxc3 O-O 15. Bf3 Nxg3 16. fxg3 Nxe5 17. dxe5 Be6
18. Bh5 Qxa2 19. Rf6 Qb2 20. h4 $1 $146 Qb6 21. Qf3 Qc7 22. Rf1 {and White won
easily. After this defeat my sister needed to take some concrete measures,
because the position is strategically very dangerous for Black, and if he does
not have a concrete idea or two, he simply cannot play the variation.}) 14.
fxg3 {A novelty. It looks logical to open the f-file and attack f7, but on the
other hand, the white pawn structure is weakened.} ({Practice has also seen} 
14. hxg3 $5 {but one of the games in this line occurred at the same Olympiad,
a few days before the present game, and continued} Nxe5 15. dxe5 Be6 16. Bg4 h5
17. Bxe6 fxe6 18. Ne2 O-O-O 19. Nd4 Qa6 20. b3 Kb8 21. Qc2 Ba3 22. Rb1 Bc5 23.
Rfd1 h4 24. gxh4 Bxd4 25. Rxd4 Rxh4 26. Rxh4 gxh4 {Ivanisevic,I (2645)
-Grandelius,N (2562)/Istanbul TUR 2012; with unclear play.}) 14... Nxe5 15.
dxe5 Be6 16. Bg4 O-O-O {This is Black's basic idea - to castle long, where the
king will in this situation be less vulnerable that after 0-0. However, now
White, as well as Black, gets some new resources, for example, Black must
watch out for the break b2-b3.} 17. Rxf7 {All these moves were played quite
quickly by White, and I could not now remember exactly how one should play,
but during the game, I assessed the position as "chances for both sides".} Qb6
{Largely thanks to this idea, attacking e3 and b2, Black has good counterplay
in many lines.} ({Another possibility is} 17... Bxg4 18. Qxg4+ Kb8 19. a3 Qb6
$1 (19... Bc5 20. Rd1 Bxe3+ 21. Kh1 d4 22. Qf3 Qb6 23. Ne4 $36) 20. Re1 (20.
Qf3 Bxc3 21. bxc3 Rhe8) 20... Bc5 21. Qf3 Rhf8 22. Nxd5 Qe6 23. Rxf8 Bxf8 24.
Nf6 Qxe5 25. Nd7+ Rxd7 26. Qxf8+ Kc7 {with compensation.}) 18. Bxe6+ Qxe6 19.
Qf3 Bc5 {Black has sufficient compensation for the sacrificed pawn, thanks to
the weaknesses on e3 and e5.} ({Also worthy of consideration was} 19... Kb8 $5
{eg.} 20. Qf6 (20. Rf5 Bc5 21. Rf1 Rhf8 22. g4 Rxf5 23. Qxf5 Re8) 20... Rhe8
21. Qxe6 (21. Qg7 Qb6) 21... Rxe6 22. Rf5 Bxc3 23. Rxc3 Rde8 $11) 20. Na4 ({
Other continuations are} 20. Re1 Qxe5 21. Rf5 Qe6 22. Nxd5 Rhf8 23. Rf1 Rxf5
24. Qxf5 Qxf5 25. Rxf5 Kd7 $44) ({and} 20. Kh1 Qxe5 21. e4 Rhf8 22. exd5 Qe3
$44) 20... Rhf8 {An important move, which I don't think White expected.} ({
Grabbing the exchange was extremely dangerous for Black:} 20... Bxe3+ 21. Qxe3
Qxf7 22. Qxa7 Rhf8 (22... Qe6 23. Nc5 Qc6 24. Rf1 Rh7 25. Rf6 Qc7 26. Ne6 Qxe5
27. Qa8+ Qb8 28. Qxb8+ Kxb8 29. Nxd8 $18) 23. b3 Kc7 24. Nc3 {with an attack.})
21. Rxf8 Bxf8 {It turns out that the e5-pawn will be regained at once, with
the positional plus being on Black's side, and so White must already think
about equalising.} 22. b3 (22. e4 d4) (22. Nc3 Qxe5 23. Rd1 Bc5 24. Nxd5 Kb8
25. b3 cxb3 26. axb3 Qb2 $132) 22... Ba3 23. Rd1 cxb3 24. axb3 Qxe5 {The
knight on a4 is out of play!} 25. h3 $6 (25. Rd3 $5 {immediately preparing to
return the knight.}) 25... Kb8 26. Rd3 Bb4 27. Rd4 Rf8 $2 {In mutual
time-trouble, I threw away my advantage.} ({After} 27... Be1 $5 28. Nc5 Bxg3) (
{or} 27... a5 $5 {it would quite unpleasant for White to play such a position.}
28. Nb6 $140 $2 g4 $1 29. hxg4 (29. Rxg4 Bc5) 29... Bc5 30. Nc4 Qg5) 28. Rxd5 (
28. Qxd5 $2 Qxg3 29. Nc5 Rf1+ 30. Kxf1 Qe1#) 28... Qe6 29. Qd1 Qxe3+ 30. Kh2 a6
(30... Rc8 $11) 31. Rd3 (31. Rd7 Qe6 32. Qd4 Rc8) 31... Qf2 (31... Qe6 $5 32.
Rd8+ Rxd8 33. Qxd8+ Qc8 34. Qd4 a5 35. Nb6 Qc6 $11) 32. Rd7 Bc5 $2 {And this
is a time-trouble oversight, but luckily for me, my opponent also missed it.} (
32... Qf5) 33. Nxc5 $2 (33. Rxb7+ Kxb7 34. Qd5+ Ka7 35. Nxc5 Rf7 36. Ne4 Qf1
37. Qc5+ Ka8 38. Nd6) 33... Qxc5 34. Qd3 $6 {After a tense struggle in the
middlegame, in time-trouble, a period of nervous play and unforced errors
begins.} (34. Rd6) 34... Rc8 35. Rh7 Qb6 36. Qd1 Ka7 37. h4 (37. Qd2 $5) 37...
Rc3 $6 (37... gxh4 38. gxh4 Qf6) 38. hxg5 $2 {It is dangerous to open the
h-file with such a king.} (38. Rxh6 Qxh6 39. Qd4+ Ka8 40. Qxc3 gxh4 41. g4)
38... hxg5 39. Rh5 Rxb3 40. Rxg5 Rb1 {Time-trouble is over. Maybe White
considered that the position was already lost, and that there was no defence
to the mating threats, and so she failed to find the only move which would
have allowed her to continue the struggle.} 41. Qe2 $4 ({However, after} 41.
Qa4 Qg1+ (41... Qh6+ 42. Qh4) 42. Kh3 {Black would still have some work to do,
to realise the advantage.} Rb6 (42... Rd1)) 41... Qg1+ 42. Kh3 Rb4 0-1

[Event "FIDE-Wch k.o."]
[Site "Moscow"]
[Date "2001.11.29"]
[Round "2.1"]
[White "Beliavsky, Alexander G"]
[Black "Delchev, Aleksander"]
[Result "1/2-1/2"]
[WhiteElo "2668"]
[BlackElo "2634"]
[Annotator "Kostakiev,D"]
[PlyCount "65"]
[EventDate "2001.11.27"]
[EventType "k.o."]
[EventRounds "7"]
[EventCountry "RUS"]
[SourceTitle "CBM 086"]
[Source "ChessBase"]
[SourceDate "2002.02.05"]
[SourceVersion "1"]
[SourceVersionDate "2002.02.05"]
[SourceQuality "1"]

1. d4 Nf6 2. c4 e6 3. Nf3 d5 4. Nc3 Bb4 {Ragozin (who's name fairly is taken
for this move) started to use it since 1934. Before him - around 25 games were
played already: G.Gossip first initiated the line in 1889 . After - plead of
great names as Chigorin, Shlehter, Alekhine, Marshal, Bernstein etc defended
Black's side.. During the middle of 90's immense quantity of games marked a
real boom (continuing up to now). Most of the games finished draw, but White
got edge in the total statistic.} 5. Bg5 {Ragozin's adversairys used the
following continuations:} (5. e3 O-O (5... Nbd7 6. Qb3 Qe7 {1-0 Zagoriansky,
E-Ragozin,V/Moscow 1945/HCL (52)}) 6. Bd3 (6. Qc2 c5 7. dxc5 Nc6 8. Be2 Bxc5 {
1/2-1/2 Yudovich,M-Ragozin,V/Tbilisi 1937/EXT 2000 (54)}) (6. a3 Be7 (6...
Bxc3+ 7. bxc3 b6 8. Qc2 Bb7 9. cxd5 exd5 10. Bd3 Nbd7 11. O-O Re8 12. c4 {
0-1 Tipary,L-Ragozin,V/Budapest 1949/MCD (26)}) 7. Bd3 Nbd7 (7... b6 8. O-O Bb7
9. Qe2 Ne4 {1-0 Kotov,A-Ragozin,V/Moscow 1942/HCL (57)}) 8. O-O c5 9. cxd5 exd5
10. Ne5 c4 11. Bc2 Nb6 {1-0 Stolberg,M-Ragozin,V/Moscow 1940/URS-ch (57)}) (6.
Bd2 b6 7. Rc1 Bb7 8. Qc2 Nbd7 {1/2-1/2 Bronstein,D-Ragozin,V/Moscow 1948/
URS-ch (44)}) 6... Nc6 (6... c5 7. O-O Nbd7 (7... Nc6 8. a3 Bxc3 9. bxc3 dxc4
10. Bxc4 Qc7 {1/2-1/2 Ragozin,V-Tolush,A/Leningrad 1954/EXT 99 (53)}) 8. Ne2 (
8. Qe2 a6 9. Rd1 dxc4 10. Bxc4 {1/2-1/2 Ratner,B-Ragozin,V/Moscow 1945/URS-ch 
(58)}) (8. a3 Ba5 9. Qc2 Bc7 10. Rd1 cxd4 11. exd4 {1/2-1/2 Pachman,L-Ragozin,
V/Moscow 1947/MCL (57)}) (8. cxd5 exd5 9. a3 Ba5 10. Qc2 c4 11. Be2 {1-0 Gusev,
N-Ragozin,V/Lvov 1951/EXT 99 (42)}) 8... Qe7 9. Qc2 b5 10. b3 bxc4 11. bxc4
dxc4 12. Bxc4 Bb7 13. a3 Ba5 14. Rb1 Bb6 15. Qa4 Be4 {0-1 Ravinsky,G-Ragozin,V/
Moscow 1942/HCL (40)}) (6... Nbd7 7. a3 Bxc3+ 8. bxc3 c5 9. O-O Qc7 10. cxd5
exd5 11. Qe2 Re8 12. Bb2 c4 13. Bc2 Nf8 {0-1 Fridstein,G-Ragozin,V/Moscow 1947/
MCD (42)}) (6... b6 7. O-O Bb7 8. cxd5 (8. a3 Bxc3 9. bxc3 Nbd7 10. a4 a5 11.
cxd5 exd5 12. c4 Re8 13. Bb2 {1/2-1/2 Petrosian,T-Ragozin,V/Kiev 1954/URS-ch 
(44)}) 8... exd5 9. a3 Bd6 10. b4 Nbd7 11. Qb3 c6 12. Bb2 Qe7 13. Rac1 Ne4 14.
b5 c5 {0-1 Averbakh,Y-Ragozin,V/Garga 1953/MCL (32)}) 7. O-O Qe7 (7... dxc4 8.
Bxc4 Bd7 9. Ne2 Bd6 10. Bd3 e5 11. dxe5 Bxe5 12. a3 Qe7 13. Qc2 Rfd8 14. Bd2 {
1-0 Alatortsev,V-Ragozin,V/Moscow 1935/HCL (38)}) 8. a3 dxc4 9. Bxc4 Bxc3 10.
bxc3 e5 {1-0 Dubinin,P-Ragozin,V/Leningrad 1934/URS-ch (40)} (10... e5 11. a4
Rd8 12. Ba3 Qe8 13. Ng5 Rd7 14. Qc2 b6 15. d5 Na5 16. Bb5 h6 17. Nf3 Nxd5 18.
Bxd7 Bxd7 19. Bc1 {1-0 Dubinin,P-Ragozin,V/Leningrad 1934/URS-ch (40)})) (5.
Qa4+ Nc6 6. Ne5 (6. Bg5 dxc4 7. e3 Qd5 8. Bxf6 gxf6 9. Nd2 Bxc3 {1/2-1/2
Rabinovich,I-Ragozin,V/Moscow 1935/HCL (54)}) (6. e3 O-O 7. Bd2 a6 8. Qc2 dxc4
9. Bxc4 {1/2-1/2 Reshevsky,S-Ragozin,V/Semmering 1937/HCL (62)}) 6... Bd7 7.
Nxc6 Bxc3+ 8. bxc3 Bxc6 {0-1 Freiman,S-Ragozin,V/Leningrad 1934/URS-ch (45)}) (
5. a3 Bxc3+ 6. bxc3 Ne4 (6... dxc4 7. Qa4+ Bd7 8. Qxc4 O-O (8... Bc6 9. Ne5 O-O
10. Bg5 {1/2-1/2 Fred,A-Ragozin,V/Helsinki 1946/EXT 99/[ChessBase] (25)}) 9. e3
Bc6 10. Be2 Nbd7 11. O-O {0-1 Lisitsin,G-Ragozin,V/Leningrad 1939/URS-ch (64)})
7. Nd2 Nxd2 8. Bxd2 {1/2-1/2 Lilienthal,A-Ragozin,V/Moscow 1936/HCL (34)}) (5.
cxd5 exd5 6. Bg5 Qd6 (6... h6 7. Bxf6 (7. Bh4 c5 8. Rc1 {1-0 Ragozin,
E-Moiseenko,A/St Petersburg 1995/EXT 97 (51)}) 7... Qxf6 8. Qa4+ Nc6 9. Ne5 {
1/2-1/2 Pavlov-Ragozin,V/Kiev 1950/EXT 99 (45)}) (6... h6) (6... c5 7. dxc5
Nbd7 8. Rc1 Nxc5 {1-0 Ragozin,E-Delanoy,A/Geneve 1992/TD (52)}) 7. Nd2 Nbd7 8.
e3 c6 9. Bd3 O-O {1-0 Botvinnik,M-Ragozin,V/Moscow 1938/EXT 2001 (31)}) 5...
Nbd7 {Ragozin himself prefered 5...h6 or 5...dxc4} (5... h6 6. Bxf6 Qxf6 7. Qb3
Nc6 8. cxd5 Nxd4 9. Nxd4 {0-1 Rabinovich,I-Ragozin,V/Tbilisi 1937/EXT 2000 (65)
}) ({and:} 5... dxc4 6. e4 c5 7. e5 cxd4 8. exf6 gxf6 {0-1 Zamikhovsky,
A-Ragozin,V/Moscow 1942/HCL (44)}) 6. cxd5 exd5 7. Qc2 O-O 8. a3 Bxc3+ 9. Qxc3
c6 10. e3 Qe8 11. Qc2 (11. Nd2 Ne4 12. Nxe4 {1/2-1/2 Garcia Ilundain,
D-Giorgadze,G/Barcelona 2000/CBM 77 ext (12)}) 11... Ne4 12. Bf4 $5 {RATHER
NEW LINE!} (12. Bd3 h6 13. Bh4 c5 14. dxc5 Ndxc5 15. b4 Nxd3+ 16. Qxd3 $14 {
0-1 Andersson,J-Leino,J/Vantaa 1996/EXT 99 (33)}) 12... Ndf6 $146 (12... Qe7
13. Bd3 f5 14. h4 Ndf6 15. Ne5 Nh5 16. g3 Be6 {1-0 Van Wely,L-Giorgadze,G/
Frankfurt 1999/EXT 2000 (59)}) 13. h3 (13. Bd3 Qe7 (13... Bg4 14. Ne5 $16 {
[xBg4]} Nh5 15. Bxe4 dxe4 16. Nxg4) 14. Be5 $11 (14. Ne5 Nh5 15. Bxe4 dxe4 16.
Bg3 $11)) 13... Nh5 $11 14. Be5 f6 15. Bh2 f5 16. Bd3 f4 17. O-O fxe3 18. fxe3
Nhf6 19. Ne5 Be6 20. b4 Qe7 21. Rf3 a5 22. b5 cxb5 23. Bxb5 Rfc8 24. Qb2 Rc3
25. Bd3 Rac8 26. Rff1 Nh5 27. Bxe4 dxe4 28. Rfc1 Rxc1+ 29. Rxc1 Rxc1+ 30. Qxc1
Nf6 31. Qc5 Qxc5 32. dxc5 Nd7 33. Nxd7 1/2-1/2